000 00295nam a22001337a 4500
008 170609b xxu||||| |||| 00| 0 eng d
020 _a0882080822
041 _aeng
080 _a94
100 _a17
101 _aSHH
245 _aTHE ITALIAN ROAD TO SOCIALISM
_cHOBSBAWM,E
942 _2udc
_cBK
999 _c16611
_d16611